[Event "EU-ch Schools U13 Girls"]
[Site "Tornelo INT"]
[Date "2021.12.05"]
[Round "6"]
[White "Chasouraki, Chrysi"]
[Black "Sekova, Olivia"]
[Result "1-0"]
[WhiteElo "1501"]
[BlackElo "1641"]
[PlyCount "125"]
[EventDate "2021.12.03"]
[EventType "swiss (rapid)"]
[EventRounds "7"]
[EventCountry "NET"]
[SourceTitle "EXT 2023"]
[Source "ChessBase"]
[SourceDate "2022.10.05"]
[SourceVersion "1"]
[SourceVersionDate "2022.10.05"]
[SourceQuality "1"]

1. e4 c5 2. Nf3 Nc6 3. d4 cxd4 4. Nxd4 g6 5. c4 Bg7 6. Be3 Nf6 7. Nc3 d6 8. Be2 Qb6 9. Ndb5 Qd8 10. Nd5 Nxd5 11. exd5 Ne5 12. 0-0 0-0 13. Bxa7 Bd7 14. Bd4 Bxb5 15. cxb5 Qd7 16. f4 Ng4 17. Bxg7 Ne3 18. Qd3 Nxf1 19. Bxf8 Nxh2 20. Kxh2 Rxf8 21. Rh1 Ra8 22. a3 Ra4 23. g3 Qc7 24. Rd1 Qb6 25. Kg2 Qc5 26. Kf3 Ra8 27. Qe3 Qc2 28. Rd2 Qf5 29. Qe4 Qh3 30. Ke3 Qxg3+ 31. Qf3 Qh4 32. Rd1 Qf6 33. Rd2 Qf5 34. Qe4 Qf6 35. Qd4 Qf5 36. Bf3 Ra5 37. Qd3 Qf6 38. Qc3 Qf5 39. Qxa5 Qh3 40. Qd8+ Kg7 41. Qxe7 Qf1 42. Re2 Qc1+ 43. Kf2 Qc5+ 44. Qe3 Qxb5 45. Qc3+ Kg8 46. Qc8+ Kg7 47. Qc3+ Kg8 48. Re4 Qb6+ 49. Qd4 Qb5 50. Be2 Qd7 51. Qe3 Kg7 52. Re8 Qf5 53. Qc3+ f6 54. Qc7+ Kh6 55. Qxd6 g5 56. Qf8+ Kg6 57. Qg8+ Kh6 58. Qf8+ Kg6 59. Re3 Qxf4+ 60. Rf3 Qd4+ 61. Kf1 Qe5 62. Qg8+ Kh6 63. Rh3# 1-0

[Event "EU-ch Schools U13 Girls"]
[Site "Tornelo INT"]
[Date "2021.12.04"]
[Round "3"]
[White "Tirpan, Ceren"]
[Black "Chasouraki, Chrysi"]
[Result "1-0"]
[WhiteElo "1469"]
[BlackElo "1501"]
[PlyCount "61"]
[EventDate "2021.12.03"]
[EventType "swiss (rapid)"]
[EventRounds "7"]
[EventCountry "NET"]
[SourceTitle "EXT 2023"]
[Source "ChessBase"]
[SourceDate "2022.10.05"]
[SourceVersion "1"]
[SourceVersionDate "2022.10.05"]
[SourceQuality "1"]

1. d4 Nf6 2. c4 e6 3. Nf3 Bb4+ 4. Bd2 Qe7 5. a3 Bxd2+ 6. Nbxd2 d6 7. e4 e5 8. d5 Nbd7 9. Qc2 a5 10. g3 0-0 11. Bg2 b6 12. 0-0 Ba6 13. Rfe1 Rfb8 14. Rab1 Bc8 15. Bf1 a4 16. Rec1 Nc5 17. Bg2 Bg4 18. h3 Bxf3 19. Bxf3 Qd7 20. Bg2 Qc8 21. Bf1 h5 22. Kh2 Qd7 23. Re1 g6 24. Qd1 Kg7 25. Qf3 Nh7 26. Qe3 Nf6 27. f4 exf4 28. gxf4 Re8 29. Qd4 Re7 30. e5 dxe5 31. fxe5 1-0

[Event "EU-ch Schools U13 Girls"]
[Site "Tornelo INT"]
[Date "2021.12.03"]
[Round "1"]
[White "Sanikidze, Ana"]
[Black "Chasouraki, Chrysi"]
[Result "0-1"]
[WhiteElo "1231"]
[BlackElo "1501"]
[PlyCount "138"]
[EventDate "2021.12.03"]
[EventType "swiss (rapid)"]
[EventRounds "7"]
[EventCountry "NET"]
[SourceTitle "EXT 2023"]
[Source "ChessBase"]
[SourceDate "2022.10.05"]
[SourceVersion "1"]
[SourceVersionDate "2022.10.05"]
[SourceQuality "1"]

1. e4 c5 2. Nf3 e6 3. d4 cxd4 4. Nxd4 Nc6 5. Nb5 d6 6. c4 a6 7. N5a3 Be7 8. Nc3 Nf6 9. Be2 0-0 10. Be3 Qa5 11. 0-0 Rd8 12. Qe1 e5 13. f3 Be6 14. Qf2 Nd7 15. Kh1 Rac8 16. Rac1 Nb4 17. f4 exf4 18. Bxf4 Ne5 19. Bxe5 dxe5 20. Nd5 Nc6 21. Nxe7+ Nxe7 22. Rcd1 Ng6 23. g3 Qb4 24. Bh5 Rxd1 25. Rxd1 Rf8 26. Nb1 Qa5 27. a3 b5 28. b4 Qc7 29. c5 a5 30. Nc3 axb4 31. axb4 Ra8 32. Nd5 Qc6 33. Bxg6 Bxd5 34. exd5 Qxg6 35. Re1 e4 36. Qg2 Re8 37. h3 Qf5 38. Rf1 Qxd5 39. Kh2 Qc4 40. Qf2 f6 41. Rb1 e3 42. Qe1 Qc2+ 43. Kh1 Qe4+ 44. Kh2 e2 45. Rb2 Qd3 46. Rd2 Qc4 47. h4 Qxb4 48. Kg2 Qe4+ 49. Kh2 Qe3 50. c6 Qe6 51. c7 Qc6 52. c8Q Qxc8 53. Rxe2 Rxe2+ 54. Qxe2 Qc6 55. Qa2+ Kf8 56. Qa3+ Kf7 57. Qa7+ Kg6 58. Qa2 Qc4 59. Qb1+ Kf7 60. Qxh7 Qe2+ 61. Kh3 b4 62. Qf5 b3 63. Qd7+ Kg6 64. Qa4 b2 65. Qf4 Qe6+ 66. Kh2 b1Q 67. h5+ Kf7 68. Qa4 Qb2+ 69. Kh1 Qe1# 0-1

[Event "EU-ch Hybrid U12 Girls"]
[Site "Tornelo INT"]
[Date "2021.10.15"]
[Round "3"]
[White "Chasouraki, Chrysi"]
[Black "Petrenko, Maryna"]
[Result "1-0"]
[WhiteElo "1343"]
[BlackElo "1569"]
[PlyCount "45"]
[EventDate "2021.10.15"]
[EventType "swiss"]
[EventRounds "9"]
[EventCountry "NET"]
[SourceTitle "EXT 2023"]
[Source "ChessBase"]
[SourceDate "2022.10.05"]
[SourceVersion "1"]
[SourceVersionDate "2022.10.05"]
[SourceQuality "1"]
[WhiteTeam "Greece"]
[BlackTeam "Ukraine"]
[WhiteTeamCountry "GRE"]
[BlackTeamCountry "UKR"]

1. e4 Nf6 2. e5 Nd5 3. d4 d6 4. exd6 exd6 5. c3 Nc6 6. Nf3 Bg4 7. Be2 Be7 8. Na3 0-0 9. Nc2 Re8 10. Ne3 Nxe3 11. Bxe3 Bxf3 12. Bxf3 Bg5 13. 0-0 Bxe3 14. fxe3 Qg5 15. e4 Ne7 16. Qb3 Rab8 17. Rae1 Qg6 18. e5 dxe5 19. Rxe5 Qb6 20. Qxf7+ Kxf7 21. Bd5+ Kg6 22. Bf7+ Kh6 23. Rh5# 1-0

[Event "GRE-ch U12 Girls"]
[Site "Patras"]
[Date "2021.09.05"]
[Round "7"]
[White "Chasouraki, Chrysi"]
[Black "Toumpakari, Maria"]
[Result "1-0"]
[WhiteElo "1319"]
[BlackElo "1376"]
[PlyCount "130"]
[EventDate "2021.08.30"]
[EventType "swiss"]
[EventRounds "9"]
[EventCountry "GRE"]
[SourceTitle "EXT 2022"]
[Source "ChessBase"]
[SourceDate "2021.10.06"]
[SourceVersion "1"]
[SourceVersionDate "2021.10.06"]
[SourceQuality "1"]

1. e4 c5 2. Nf3 Nc6 3. d4 cxd4 4. Nxd4 Nf6 5. Nc3 d6 6. Bg5 e6 7. Bb5 Bd7 8. Qd2 h6 9. Be3 a6 10. Be2 Be7 11. f3 b5 12. a3 Rc8 13. Bd3 Ne5 14. g4 g5 15. h3 Qc7 16. Be2 Nc4 17. Bxc4 Qxc4 18. Qd3 d5 19. e5 Nh7 20. Bf2 Nf8 21. Bg3 Ng6 22. Kd2 Bc5 23. Nb3 b4 24. axb4 Bxb4 25. Rxa6 Rd8 26. Raa1 Bb5 27. Nd4 Bd7 28. Qxc4 dxc4 29. Ke3 Bc5 30. Ne4 Bb6 31. Nd6+ Ke7 32. Nxc4 Bxd4+ 33. Kxd4 Bc6+ 34. Ke3 Rb8 35. Ra7+ Rb7 36. Rha1 Rhb8 37. Nd6 Rd7 38. b3 Rb4 39. Rxd7+ Bxd7 40. Ra7 Nf8 41. Rb7 Rxb7 42. Nxb7 Bc6 43. Nd6 Nd7 44. b4 Nb6 45. c4 Bd7 46. b5 Nxc4+ 47. Nxc4 Bxb5 48. Nd6 Bf1 49. h4 f6 50. hxg5 hxg5 51. exf6+ Kxf6 52. Ne4+ Kg6 53. Bc7 Bc4 54. Bd8 Bd5 55. Nxg5 Ba2 56. Ke4 Bd5+ 57. Ke5 Kh6 58. Ne4 Kg6 59. f4 Kf7 60. g5 Kg6 61. f5+ exf5 62. Kxd5 fxe4 63. Kxe4 Kg7 64. Kf5 Kf7 65. Bf6 Kf8 1-0

[Event "GRE-chT Online Rapid op 1st"]
[Site "Tornelo INT"]
[Date "2021.02.21"]
[Round "9.17"]
[White "Chasouraki, Chrysi"]
[Black "Tzortzakos, Foivos Patrik"]
[Result "0-1"]
[WhiteElo "1336"]
[BlackElo "1375"]
[PlyCount "46"]
[EventDate "2021.02.20"]
[EventType "team-swiss (rapid)"]
[EventRounds "9"]
[EventCountry "GRE"]
[SourceTitle "EXT 2023"]
[Source "ChessBase"]
[SourceDate "2022.10.05"]
[SourceVersion "1"]
[SourceVersionDate "2022.10.05"]
[SourceQuality "1"]

1. e4 c6 2. d4 d5 3. Nc3 dxe4 4. Nxe4 Bf5 5. Ng3 Bg6 6. Nf3 Nd7 7. Bf4 e6 8. Bd3 Bxd3 9. Qxd3 Qa5+ 10. c3 Ngf6 11. 0-0 Be7 12. Nd2 0-0 13. Nde4 Nxe4 14. Nxe4 Nf6 15. Nxf6+ Bxf6 16. Rfe1 Rfd8 17. Qg3 c5 18. Bc7 Bh4 19. Bxa5 Bxg3 20. Bxd8 Bf4 21. Bh4 cxd4 22. cxd4 g5 23. Bg3 Bd2 0-1

[Event "GRE-chT Online Rapid op 1st"]
[Site "Tornelo INT"]
[Date "2021.02.21"]
[Round "5.15"]
[White "Koutis, Pavlos"]
[Black "Chasouraki, Chrysi"]
[Result "0-1"]
[WhiteElo "1643"]
[BlackElo "1336"]
[PlyCount "42"]
[EventDate "2021.02.20"]
[EventType "team-swiss (rapid)"]
[EventRounds "9"]
[EventCountry "GRE"]
[SourceTitle "EXT 2023"]
[Source "ChessBase"]
[SourceDate "2022.10.05"]
[SourceVersion "1"]
[SourceVersionDate "2022.10.05"]
[SourceQuality "1"]

1. e4 c5 2. Nc3 Nc6 3. g3 e6 4. Bg2 Nge7 5. d3 d5 6. exd5 Nxd5 7. Nxd5 exd5 8. Ne2 Be6 9. Nf4 Qd7 10. 0-0 d4 11. Nxe6 fxe6 12. Bxc6 bxc6 13. Qh5+ Qf7 14. Qe5 Kd7 15. Bf4 Rc8 16. c3 Qf6 17. cxd4 cxd4 18. Qa5 Bd6 19. Bxd6 Kxd6 20. Qxa7 Ra8 21. Qb6 Rhb8 0-1

[Event "GRE-chT Online Rapid op 1st"]
[Site "Tornelo INT"]
[Date "2021.02.21"]
[Round "7.6"]
[White "Merkouris, Panagiotis"]
[Black "Chasouraki, Chrysi"]
[Result "1-0"]
[WhiteElo "2008"]
[BlackElo "1336"]
[PlyCount "73"]
[EventDate "2021.02.20"]
[EventType "team-swiss (rapid)"]
[EventRounds "9"]
[EventCountry "GRE"]
[SourceTitle "EXT 2023"]
[Source "ChessBase"]
[SourceDate "2022.10.05"]
[SourceVersion "1"]
[SourceVersionDate "2022.10.05"]
[SourceQuality "1"]

1. e4 c5 2. c3 Nf6 3. e5 Nd5 4. d4 cxd4 5. Nf3 e6 6. cxd4 d6 7. Nc3 Nb6 8. Bd3 Nc6 9. 0-0 Be7 10. Bf4 dxe5 11. dxe5 a6 12. a3 0-0 13. Qc2 h6 14. Rad1 Qc7 15. Ne4 Nd5 16. Bg3 Kh8 17. Rfe1 b5 18. Nd6 Bxd6 19. exd6 Qd7 20. Be4 Bb7 21. Bxd5 exd5 22. Qd2 f5 23. Ne5 Nxe5 24. Bxe5 Rf7 25. Qxh6+ Kg8 26. Qg5 Re8 27. f4 Qc6 28. Rc1 Qb6+ 29. Kh1 Rc8 30. Rxc8+ Bxc8 31. Rc1 Be6 32. Rc7 Qf2 33. h3 Qf1+ 34. Kh2 Qd3 35. Rxf7 Kxf7 36. Qxg7+ Ke8 37. Qe7# 1-0